000 00445nam a2200181 4500
001 9391
005 20230410132644.0
008 060907n1992 dr spa
020 _a0440214041
035 _9funglode9470
041 _aEN
050 1 4 _aPS 3557 G869p 1992
100 _aGrisham, John
245 1 4 _aThe pelican brief /
_cJohn Grisham
260 _aNew York :
_bIsland Books,
_c1992
300 _a436 p.
942 _2lcc
_cbk
999 _c85422
_d85422